| 000 -ლიდერი |
| ფიქსირებული სიგრძის საკონტროლო ველი |
01750nam a2200289Ia 4500 |
| 001 - საკონტროლო ნომერი |
| საკონტროლო ველი |
21805 |
| 003 - საკონტროლო ნომრის იდენტიფიკატორი |
| საკონტროლო ველი |
GE_BSU |
| 005 - ბოლო ოპერაციის თარიღი და დრო |
| საკონტროლო ველი |
20220516173259.0 |
| 008 - ფიქსირებული სიგრძის მონაცემთა ელემენტები - ზოგადი ინფორმაცია |
| ფიქსირებული სიგრძის საკონტროლო ველი |
181216s2017||||ge |||||||||||||| ||geo|| |
| 020 ## - წიგნის საერთაშორისო სტანდარტული ნომერი |
| International Standard Book Number |
9789941470813 |
| 040 ## - კატალოგიზაციის წყარო |
| Transcribing agency |
GE_BSU |
| 041 ## - ენის კოდი |
| Language code of text/sound track or separate title |
geo |
| 080 ## - უნივერსალური ათობითი კლასიფიკაციის ინდექსი |
| Universal Decimal Classification number |
81'374.822=133.1=353.1+81'374.822=353.1=133.1 ფ-87 |
| 245 ## - ცნობა სათაურის შესახებ |
| Title |
ფრანგულ-ქართული და ქართულ-ფრანგული თავდაცვისა და უსაფრთხოების ლექსიკონი / |
| Statement of responsibility, etc |
შემდგ. : ო. ბეგოიძე და თეა ქარჩავა. |
| 264 ## - წარმოების, გამოცემის, დისტრიბუციის და სხვა ცნობები |
| გამოცემის, წარმოების, დისტრიბუციის... ადგილი |
თბილისი : |
| გამოცემის, წარმოების, დისტრიბუციის... სახელწოდება |
ინტელექტი, |
| გამოცემის, წარმოების, დისტრიბუციის... თარიღი |
2017. |
| 300 ## - ფიზიკური აღწერა |
| Extent |
296 გვ. ; |
| Dimensions |
20 სმ. |
| 500 ## - ზოგადი შენიშვნა |
| General note |
წიგნი გამოიცა საქართველოს ფრანგული ინსტიტუტის ხელშეწყობით |
| 546 ## - LANGUAGE NOTE |
| Language note |
პარალელური სათაური ფრანგულ ენაზე |
| 653 ## - INDEX TERM--UNCONTROLLED |
| Uncontrolled term |
ფრანგულ-ქართული და ქართულ-ფრანგული თავდაცვისა და უსაფრთხოების ლექსიკონი |
| 653 ## - INDEX TERM--UNCONTROLLED |
| Uncontrolled term |
ფრანგულ-ქართული ლექსიკონი |
| 653 ## - INDEX TERM--UNCONTROLLED |
| Uncontrolled term |
ქართულ-ფრანგული ლექსიკონი |
| 653 ## - INDEX TERM--UNCONTROLLED |
| Uncontrolled term |
თავდაცვისა და უსაფრთხოების ლექსიკონი |
| 700 ## - ADDED ENTRY--PERSONAL NAME |
| Personal name |
ბეგოიძე, ო. |
| Relator term |
შემდგენელი |
| 9 (RLIN) |
13748 |
| 700 ## - ADDED ENTRY--PERSONAL NAME |
| Personal name |
ქარჩავა, თეა |
| Relator term |
შემდგენელი |
| 9 (RLIN) |
13749 |
| 942 ## - ADDED ENTRY ELEMENTS (KOHA) |
| Koha item type |
წიგნი |
| Source of classification or shelving scheme |
|